Представление документа в формате MARC21

Поле Инд. ПП Название Значение
Тип записи a
Библиографический уровень m
001 Контрольный номер RU/LIBMSTU/312282645
005 Дата корректировки 20140505130854.1
008 Кодируемые данные 091124|||||||||ru |||||||||||000|||rus||
020 a ISBN 978-5-699-20989-7
c Цена, тираж 875-00
040 b Код языка каталог. rus
041 a Код языка текста rus
084 a Индекс другой классификации/Индекс ББК 65.02
090 a Полочн. индекс 65.02
x Авторский знак К 33
100 1_ a Автор Кейнс Дж. М.
245 10 a Заглавие Общая теория занятости, процента и денег. Избранное
c Ответственность [пер. с англ. Е. В. Виноградова и др. ; под науч. ред. П. Н. Клюкина]
260 a Место издания Москва
b Издательство Эксмо
c Дата издания 2009
300 a Объем 957, [1] с.
440 a Серия Антология экономической мысли
650 a Основная рубрика Экономические учения-История
653 a Ключевые слова Деньги
a Ключевые слова Инвестиции
a Ключевые слова История экономических учений
a Ключевые слова Кейнсианство
a Ключевые слова Потребление
a Ключевые слова Проценты
a Ключевые слова Спрос
a Ключевые слова Теория занятости
a Ключевые слова Экономические учения
901 t Тип документа m